Manual de técnicas de investigación para estudiantes de ciencias sociales (Registro nro. 19811)
[ vista simple ]
| 000 -ENCABEZADO | |
|---|---|
| Número de control [NR] | 00869nam a2200253Ia 4500 |
| 008 - DE LONGITUD FIJA DE DATOS DE ELEMENTOS - INFORMACIÓN GENERAL | |
| Elementos de longitud fija [NR] | 130821s1988 mx gr spa |
| 020 ## - NUMERO INTERNACIONAL NORMALIZADO PARA LIBROS [R] | |
| Número Internacional Normalizado del libro [NR] | 9681203933 |
| 040 ## - FUENTE DE CATALOGACION [NR] | |
| Agencia de catalogación original [NR] | Co-BoUCM |
| Idioma de catalogación [NR] | spa |
| 041 ## - CODIGO DE IDIOMA [R] | |
| Código de idioma para texto/pista de sonido o título separado [R] | Español |
| 100 1# - ASIENTO PRINCIPAL--NOMBRE PERSONAL [NR] | |
| Nombre personal [NR] | Garza Mercado, Ario |
| ID Autoridad | 156407 |
| 245 10 - MENCION DE TITULO [NR] | |
| Título [NR] | Manual de técnicas de investigación para estudiantes de ciencias sociales |
| Mención de responsabilidad, etc. [NR] | Ario Garza Mercado ; El Colegio de México |
| 250 ## - MENCION DE EDICION [NR] | |
| Mención de edición [NR] | 4a. ed. |
| 260 ## - PUBLICACION, DISTRIBUCION, ETC. (PIE DE IMPRENTA) [R] | |
| Lugar de publicación, distribución, etc. [R] | México D.F. (México) |
| Nombre del editor, distribuidor, etc. [R] | Harla |
| Fecha de publicación, distribución, etc. [R] | 1988 |
| 300 ## - DESCRIPCION FISICA [R] | |
| Extensión [R] | 351 páginas |
| 504 ## - NOTA DE BIBLIOGRAFIA, ETC. [R] | |
| Nota de bibliografía, etc. [NR] | |
| 650 04 - ASIENTO SECUNDARIO DE MATERIA - TERMINO TEMATICO [R] | |
| Término temático o nombre geográfico como elemento de entrada [NR] | Ciencias sociales |
| 9 (RLIN) | 10815 |
| 650 04 - ASIENTO SECUNDARIO DE MATERIA - TERMINO TEMATICO [R] | |
| Término temático o nombre geográfico como elemento de entrada [NR] | Ciencias sociales |
| Subdivisión general [R] | Metodología |
| 9 (RLIN) | 32387 |
| 650 04 - ASIENTO SECUNDARIO DE MATERIA - TERMINO TEMATICO [R] | |
| Término temático o nombre geográfico como elemento de entrada [NR] | Investigación científica |
| 9 (RLIN) | 17977 |
| 650 04 - ASIENTO SECUNDARIO DE MATERIA - TERMINO TEMATICO [R] | |
| Término temático o nombre geográfico como elemento de entrada [NR] | Investigación social |
| 9 (RLIN) | 18009 |
| 650 04 - ASIENTO SECUNDARIO DE MATERIA - TERMINO TEMATICO [R] | |
| Término temático o nombre geográfico como elemento de entrada [NR] | Metodología |
| 9 (RLIN) | 19433 |
| 700 ## - ASIENTO SECUNDARIO - NOMBRE PERSONAL [R] | |
| Nombre personal [NR] | El Colegio de México |
| 9 (RLIN) | 156408 |
| 942 ## - ELEMENTOS DE ENTRADA AGREGADOS (KOHA) | |
| Tipo de ítem principal el descrito en 300a | Libro |
| Tema principal | Sociología |
| Edición | 4 |
| Parte restante de la signatura top. | G17 |
| Sistema de clasificación | DEWEY |
| Clasificación | 300.1 |
| Fecha de último préstamo | Total préstamos | Signatura topográfica | Código de barras | Última vez visto | Volúmen / Fascículo | Ejemplar | Price effective from | Tipo de ítem | Nota pública (OPAC) | Perdido | Sistema de clasificación | Dañado | No prestable | Tipo de ítem específico | Suprimido | Ubicación habitual | Ubicación actual | Localización | Fecha de creación | Forma de adquisición | Costo |
|---|---|---|---|---|---|---|---|---|---|---|---|---|---|---|---|---|---|---|---|---|---|
| 26/11/2021 | 7 | 300.1 G17 | 100040125 | 03/12/2025 | 4A. ED. | Ej.1 | 03/02/2013 | Libro | Spot de Investigación | DEWEY | Libro | Claustro | Claustro | 3er piso - Research commons | 28/02/2003 | Compra | 0.00 |